Piłka nożna - Liga mistrzów - Nagła śmierć #2 - Statystyki

Ogólne statystyki
  • Ten quiz został rozwiązany 404 razy
  • Średni wynik to 12 z 24
Answers on the Grid
Answers color-coded by a green-red scale on the quiz's grid according to % correct below.
Carles Puyol
Thierry Henry
Sergio Ramos
Florian Wirtz
Kaka
Antoine Griezmann
Petr Cech
Diego Milito
Jan Bednarek
Dani Ceballos
Romelu Lukaku
Alvaro Morata
Rafael Leao
Olivier Giroud
Joel Matip
Grzegorz Krychowiak
Christian Eriksen
Raul
Franco Baresi
Riyad Mahrez
Cesar Azpilicueta
Bryan Mbuemo
Leon Goretzka
Harry Kane
Granit Xhaka
Olivier Kahn
Ryan Giggs
Fernandinho
Radamel Falcao
Federico Valverde
John Stones
Marco van Basten
Ashley Cole
Robert Pires
Gavi
Filipe Luis
Kingsley Coman
Douglas Costa
Claude Makelele
Alex Oxlade-Chamberlain
 
Statystyki odpowiedzi
Odpowiedź % Poprawnych
Carles Puyol
92%
Sergio Ramos
91%
Kaka
75%
Thierry Henry
70%
Petr Cech
63%
Raul
62%
Dani Ceballos
52%
Leon Goretzka
52%
Ryan Giggs
51%
Cesar Azpilicueta
48%
Diego Milito
48%
Federico Valverde
48%
Olivier Kahn
47%
Kingsley Coman
46%
Alvaro Morata
44%
Joel Matip
44%
Riyad Mahrez
40%
Franco Baresi
35%
John Stones
35%
Ashley Cole
33%
Marco van Basten
32%
Claude Makelele
28%
Alex Oxlade-Chamberlain
25%
Olivier Giroud
25%
Nie znaleziono quizów pasujących do podanych kryteriów
Rozkład punktacji
Procent ludzi z każdym wynikiem
Percentyl według liczby udzielonych odpowiedzi
Twoja historia wyników
Nie rozwiązałeś tego quizu